00472nam a2200169Ia 4500008004100000041001200041082001600053100001500069245005300084365000800137520001300145546001200158630005300170650001300223655001300236730005300249101110s9999 xx 000 0 und d aENGLISH bSR4517a380 aJain Dugar aSecretarial Drafting and Business Correspondence b8.5 aCommerce aENGLISH aSecretarial Drafting and Business Correspondence aCommerce aCommerce aSecretarial Drafting and Business Correspondence